[Event "Teplice Open 2017"]
[Site "Teplice"]
[Date "2017.06.10"]
[Round "1"]
[White "Rausis, Igors"]
[Black "Wilton, Lars"]
[Result "1-0"]
[WhiteElo "2617"]
[BlackElo "2070"]
[Annotator "TA"]
[PlyCount "107"]
[EventDate "2017.??.??"]
[EventCountry "CZE"]
[SourceTitle "playchess.com"]
[Source "ChessBase"]
[SourceQuality "1"]

{[%evp 12,107,53,46,46,29,27,51,36,39,42,41,41,58,58,40,84,79,83,92,95,90,83,93,79,83,85,100,137,137,128,118,140,141,168,131,141,143,148,141,141,125,143,135,135,133,135,117,112,102,117,114,129,119,144,143,156,147,239,176,250,183,191,154,153,158,167,140,172,148,189,189,204,191,292,218,218,246,303,290,318,309,489,469,782,477,591,603,520,591,698,651,683,536,1103,1091,990,972]} 1. e4 {[%cal Be2e4,Be4d5][%mdl 32]} d5 2. exd5 Nf6 {[%cal Bg8f6,Bf6d5,Bd5c3][%mdl 32]} 3. Bb5+ Bd7 4. Bc4 b5 5. Bb3 Bg4 6. Nf3 {B01: Scandinavian Defence} Nxd5 7. Nc3 {LiveBook: 4 Games} Nxc3 {[#]} (7... c6 8. h3 Bxf3 9. Qxf3 e6 10. O-O {½-½ (10) Christensen,T (2368)-Thorhallsson,T (2437) Ballerup 2014}) 8. Bxf7+ $1 {[%mdl 512] White is slightly better.} Kxf7 9. Ng5+ $1 Ke8 10. Qxg4 Nd5 $1 11. Qe6 $146 {Hoping for Qf7+.} ({Predecessor:} 11. a4 Qd7 12. Qf3 e6 13. O-O {1-0 (44) Barstatis,R-Mikenas,V Riga 1969}) 11... Qd6 $1 {[%cal Rd6e6] ...Qxe6+ is the strong threat.} 12. Qc8+ Qd8 13. Qf5 {Black must now prevent Qf7+.} Nf6 {Strongly threatening ...Qd7.} 14. Qxb5+ c6 15. Qb7 $36 {[%mdl 2048] White is on the roll.} Nbd7 {[#]} 16. Ne6 $1 {[%cal Re6d8]} ({Reject} 16. Qxc6 $6 Rb8 $11) 16... Qc8 {[#]} 17. Qxa8 $1 {[%mdl 512]} Qxa8 18. Nc7+ Kd8 19. Nxa8 Kc8 20. d4 Kb7 21. O-O Kxa8 22. Re1 Kb7 23. c4 Nb6 24. b3 Kc7 25. Ba3 Kd7 26. Re2 e6 27. Bc5 Ne8 28. Rae1 Nc7 29. g3 Nc8 30. Re3 (30. f4 {is more complex.} g6 31. Bxf8 Rxf8 32. Re5 Nd6 33. Ra5) 30... Be7 31. Bxe7 Nxe7 32. Rf3 Ke8 33. Re5 g6 34. g4 Rf8 (34... h5 $16 {was called for.} 35. Rh3 h4) 35. Kg2 h6 (35... Rg8 $142 36. Rf6 Rg7) 36. h4 Rg8 37. Kf1 Rg7 38. Ke2 Nc8 39. Kd3 a6 40. Rf4 Ke7 {[#]} 41. Rc5 $1 Na7 42. b4 Rg8 (42... Kd7 $142 43. h5 g5) 43. Ke4 Rb8 44. a3 {[%cal Ba2a3,Ba3a4][%mdl 32]} Rc8 45. Kd3 Rd8 46. a4 Rd7 (46... Rg8 {is a better defense.} 47. g5 hxg5 48. Rxg5 Nc8) 47. g5 $18 {White is clearly winning.} Kd6 (47... Rd8 $142 48. h5 gxh5 49. gxh6 Rh8 50. Rxh5 Nc8) 48. Rf6 hxg5 49. Rxg5 Rh7 50. Rgxg6 Nc8 51. Rh6 Rg7 52. h5 Ne7 53. Rh8 {[%cal Rh8d8]} Nf5 54. Rg6 {Precision: White = 60%, Black = 47%.} 1-0

[Event "Teplice Open 2017"]
[Site "Teplice"]
[Date "2017.06.10"]
[Round "1"]
[White "Turov, Maxim"]
[Black "Kolasinski, Krzysztof"]
[Result "1-0"]
[WhiteElo "2595"]
[BlackElo "2052"]
[Annotator "TA"]
[PlyCount "78"]
[EventDate "2017.??.??"]
[EventCountry "CZE"]
[SourceTitle "playchess.com"]
[Source "ChessBase"]
[SourceQuality "1"]

{[%evp 24,78,58,53,53,57,99,90,93,104,106,95,105,91,89,72,100,83,135,122,118,114,141,145,235,110,169,185,185,161,238,245,282,283,250,107,258,232,320,315,305,282,378,377,377,364,385,377,458,456,899,882,1754,1720,29986,29987,29999]} 1. d4 Nf6 2. c4 c5 3. d5 b5 4. cxb5 a6 5. e3 axb5 6. Bxb5 Ba6 7. Bxa6 Nxa6 8. Nc3 g6 9. e4 d6 10. Nf3 Bg7 11. O-O O-O 12. Qe2 Nd7 13. Bf4 Qb6 {E91: King's Indian: Classical: 6 Be2, unusual replies including 6...c5 and 6...Bg4} 14. e5 dxe5 15. Nxe5 Nxe5 {White is better.} 16. Bxe5 Bxe5 17. Qxe5 Ra7 18. Ne4 $146 {Black must now prevent d6.} ({Predecessor:} 18. b3 Nb4 19. Rad1 Qd6 20. Qg5 Qd7 21. Qd2 {½-½ (37) Skliba,M (2309)-Haba,Z (2233) Ostrava 2010}) 18... f6 19. Qc3 Rb8 20. b3 Qb4 (20... f5 $142) 21. Qc2 f5 22. Ng5 Nc7 23. Qe2 h6 (23... Re8 $16 24. Rfc1 Qd4) 24. Ne6 (24. Qxe7 $18 {has better winning chances. White threatens Qh7+ and mate.} hxg5 25. d6) 24... Nxd5 (24... Qe4 $16 25. Qxe4 fxe4 26. Nxc5 e3) 25. Qe5 $40 {[%csl Ge6][%cal Re5g7][%mdl 128] [#] White attacks with force.} Nf6 26. Nxc5 Rb5 (26... Qb6 $142 27. Rfd1 Ra5) 27. Rac1 {[%cal Ba1c1,Bc1c3,Bc3d3,Bd3d8][%mdl 32]} Rb6 28. a3 Qb5 29. b4 (29. Rfe1 $18 {is more deadly.}) 29... Qe8 $2 (29... Rxa3 $16 {was worth a try.} 30. Qxe7 Qe8 31. Qxe8+ Nxe8) 30. Rc3 Qf7 31. Rd3 Kh7 32. h3 Ne8 33. Rd8 Rd6 34. Rb8 Rd5 35. Qc3 f4 36. Re1 Ng7 {[#]} (36... e5 $142 37. Rxe5 Rxe5) 37. Ne6 $1 {[%mdl 512]} g5 (37... Nxe6 38. Qh8#) 38. Rf8 Qg6 39. Qc8 {[%csl Gc8][%cal Rf8h8]} Ra8 {Precision: White = 64%, Black = 22%.} 1-0

[Event "Teplice Open 2017"]
[Site "Teplice"]
[Date "2017.06.10"]
[Round "1"]
[White "Vorobiov, Evgeny E."]
[Black "Popper, Tomas"]
[Result "1-0"]
[WhiteElo "2591"]
[BlackElo "2048"]
[Annotator "TA"]
[PlyCount "101"]
[EventDate "2017.??.??"]
[EventCountry "CZE"]
[SourceTitle "playchess.com"]
[Source "ChessBase"]
[SourceQuality "1"]

{[%evp 10,101,49,60,69,53,60,67,61,58,72,75,88,79,99,79,96,81,99,92,107,105,119,104,108,91,139,141,139,142,160,160,153,129,168,130,135,131,179,159,152,146,246,258,268,249,260,252,260,222,247,228,228,232,221,146,295,222,288,283,276,285,279,258,516,516,506,514,514,501,472,416,595,572,586,556,1035,1004,1833,1818,1660,1597,1280,1501,1437,1277,12836,10137,2953,2650,29987,29988,29988,29989]} 1. d4 Nf6 2. c4 c5 3. d5 e6 4. Nc3 exd5 5. cxd5 d6 6. Nf3 Be7 {A60: Modern Benoni: Early Divergences} (6... g6 7. g3 Bg7 8. Bg2 O-O 9. O-O Nbd7 10. Bf4 Qe7 11. Re1 Ng4 12. Bg5 f6 13. Bd2 Nge5 14. Qc2 a6 15. a4 Rb8 16. Rab1 Nc4 17. Bc1 Nde5 18. Nxe5 Nxe5 {½-½ (52) Ganguly,S (2653)-Adhiban,B (2672) Chengdu 2017}) 7. h3 O-O 8. e4 Nbd7 {White is slightly better.} 9. Bd3 a6 10. a4 Re8 11. O-O Bf8 12. Re1 g6 13. Bf4 Qc7 $146 ({Predecessor:} 13... Bg7 14. Bxd6 {1-0 (23) Villalba,M (2086)-Heinechen,J (1778) Asuncion 2010}) 14. Bf1 Nh5 15. Bh2 Bg7 16. g4 Nhf6 17. Nd2 h5 18. g5 Nh7 {[#]} 19. f4 $1 b6 20. Rc1 Bd4+ 21. Kh1 Bg7 22. Nf3 Qd8 23. Qd2 Ndf8 24. Bg2 Ra7 25. e5 Rae7 (25... dxe5 $16 26. fxe5 (26. Nxe5 Bxe5 27. fxe5 Nxg5 $16) 26... Rd7) 26. Ne4 $18 dxe5 27. fxe5 Nd7 {[%cal Rd7e5]} 28. Nf6+ Nhxf6 29. gxf6 Nxf6 30. exf6 Rxe1+ 31. Rxe1 ({Don't do} 31. Nxe1 $6 Qxf6 32. b3 Bf5 $16) 31... Bxf6 32. d6 Bd7 (32... Rxe1+ $16 33. Nxe1 Qd7) 33. Be5 Re6 34. Bxf6 Qxf6 35. Rxe6 Qxe6 36. Ng5 Qf5 $2 {[#]} (36... Qe5 {might work better.} 37. Bd5 Kg7 38. Nxf7 Qg3) 37. Ne4 Qe5 38. Qc3 Qxc3 39. Nxc3 Kf8 40. Kh2 b5 (40... h4 {was called for.} 41. Nd5 Bxa4 42. Nxb6 Bb5) 41. Ne4 c4 42. Nc5 $1 {[%csl LRa6,LRd7]} Ke8 43. a5 b4 44. Nxa6 c3 45. bxc3 bxc3 46. Be4 f5 47. Bc2 h4 48. Nc5 Bc6 49. a6 {[%cal Ba5a6,Ba6a7][%mdl 32]} Kd8 50. a7 Kc8 51. Ba4 {Precision: White = 66%, Black = 33%.} 1-0

[Event "Teplice Open 2017"]
[Site "Teplice"]
[Date "2017.06.10"]
[Round "1"]
[White "Babula, Vlastimil"]
[Black "Bulockin, Martin"]
[Result "1-0"]
[WhiteElo "2552"]
[BlackElo "2042"]
[Annotator "TA"]
[PlyCount "63"]
[EventDate "2017.??.??"]
[EventCountry "CZE"]
[SourceTitle "playchess.com"]
[Source "ChessBase"]
[SourceQuality "1"]

{[%evp 29,63,61,61,40,125,45,206,215,206,214,254,243,235,223,337,340,342,296,482,468,432,389,689,679,679,673,627,625,957,951,1604,1449,2264,2188,2083,2077]} 1. d4 Nf6 2. c4 c5 3. d5 e6 4. Nc3 exd5 5. cxd5 d6 6. Nf3 g6 7. Nd2 Bg7 8. e4 O-O 9. Be2 a6 10. a4 Re8 11. O-O Nbd7 12. Ra3 Qc7 13. Qc2 Rb8 14. a5 Ne5 15. f4 Ned7 $1 16. Kh1 {[#] A77: Modern Benoni: Classical: 9...Re8 10 Nd2: 10...a6 and 10...Nbd7} h5 $146 (16... b6 $14) ({Predecessor:} 16... b5 17. axb6 Rxb6 18. b3 h5 19. Bb2 Ng4 20. Nc4 Rb4 21. h3 Rxc4 22. Bxc4 Ne3 23. Qd2 Nxf1 24. Bxf1 Nf6 {½-½ (24) Toth,B (2440)-Vaganian,R (2545) Rome 1977}) 17. h3 ({White should try} 17. e5 $16) 17... Nf8 $2 {[#]} (17... b5 $14 18. axb6 Rxb6) 18. Nc4 $18 {White is clearly better.} N6d7 19. Na4 Bd4 20. Raf3 Nf6 21. Bd3 Bd7 (21... Bg4 {was necessary.}) 22. Nab6 Bb5 23. f5 N8h7 $2 {[#]} (23... g5 {is a better defense.} 24. Bxg5 Qe7) 24. fxg6 fxg6 25. e5 Bxc4 $2 (25... Rxe5 26. Nxe5 (26. Rxf6 Nxf6 27. Rxf6 Re1+ 28. Rf1 Rbe8 $14) 26... Bxe5 27. Bxb5 axb5 28. Qxg6+ Qg7) 26. Nxc4 {White is clearly winning.} ({Weaker is} 26. Bxc4 Bxe5 27. Qxg6+ Qg7 $16) 26... Rxe5 27. Nxe5 Bxe5 28. Bxg6 Qe7 29. Bf4 Bxf4 30. Rxf4 Rf8 31. Bxh7+ Nxh7 32. Qg6+ {Precision: White = 80%, Black = 13%.} 1-0

[Event "Teplice Open 2017"]
[Site "Teplice"]
[Date "2017.06.10"]
[Round "1"]
[White "Zakhartsov, Viacheslav V."]
[Black "Grichkevitch, Gilles"]
[Result "1-0"]
[WhiteElo "2544"]
[BlackElo "2036"]
[Annotator "TA"]
[PlyCount "63"]
[EventDate "2017.??.??"]
[EventCountry "CZE"]
[SourceTitle "playchess.com"]
[Source "ChessBase"]
[SourceQuality "1"]

{[%evp 23,63,37,37,42,64,17,75,67,75,64,106,92,91,73,87,97,102,95,105,56,93,38,49,0,18,0,66,78,186,62,333,337,333,333,335,320,618,615,674,675,647,575]} 1. d4 Nf6 2. c4 g6 3. Nc3 Bg7 4. e4 d6 5. Nf3 O-O 6. Be2 e5 7. d5 a5 8. h3 Na6 9. Bg5 h6 10. Be3 Nc5 11. Nd2 Bd7 12. g4 c6 13. h4 {E90: King's Indian: Classical: Early deviations and 6 h3} cxd5 {[#]} 14. exd5 $146 ({Predecessor:} 14. cxd5 Rc8 15. f3 h5 16. g5 Ne8 17. a4 f6 18. Nb3 fxg5 19. Nxc5 dxc5 20. Bxg5 Qb6 {½-½ (52) Gupta,A (2627)-Mamedov,R (2679) Khanty-Mansiysk 2011}) 14... Nh7 (14... a4 $11) 15. Nde4 $16 {White is better.} Nxe4 16. Nxe4 f5 17. gxf5 Bxf5 18. Ng3 $1 a4 19. Qd2 a3 20. b3 h5 21. Rc1 e4 22. Bd4 (22. c5 $16) 22... Qe7 23. Bxg7 Qxg7 24. Rg1 {Black must now prevent Nxh5!} e3 (24... Bg4 $1 $11) 25. fxe3 $14 {aiming for Nxh5!} Rae8 {[#]} (25... Bg4 $16) 26. Qd4 (26. Nxh5 $1 $18 {[%mdl 512]} Qh6 (26... gxh5 27. Rxg7+) 27. e4 Qxd2+ 28. Kxd2 Bxe4 29. Ng3) 26... Qh6 $2 {[%mdl 8192]} ({Black should try} 26... Bg4 $14) 27. Kd2 $18 Re5 28. Rcf1 Bh3 29. Rxf8+ Kxf8 $2 (29... Qxf8 30. Nxh5 Bf5) 30. Ne4 {White is clearly winning.} Rxe4 31. Qxe4 Bf5 32. Qf4 {Precision: White = 52%, Black = 21%.} 1-0

[Event "Teplice Open 2017"]
[Site "Teplice"]
[Date "2017.06.10"]
[Round "1"]
[White "Hirneise, Tobias"]
[Black "Cernek, Tymon"]
[Result "1-0"]
[WhiteElo "2466"]
[BlackElo "2012"]
[Annotator "TA"]
[PlyCount "93"]
[EventDate "2017.??.??"]
[EventCountry "CZE"]
[SourceTitle "playchess.com"]
[Source "ChessBase"]
[SourceQuality "1"]

{[%evp 13,93,37,40,41,39,42,41,34,45,39,78,38,59,39,11,0,8,-16,40,-6,41,26,26,26,30,0,21,0,0,-8,19,18,18,18,18,17,31,23,106,106,166,157,470,473,535,539,547,545,494,510,622,630,618,606,827,825,809,582,803,793,793,783,776,718,925,923,909,904,894,889,929,904,1678,1585,1281,895,1402,1075,2108,1837,29988,29989]} 1. d4 d5 2. Nf3 Nc6 3. c4 Bg4 4. Nc3 e6 5. cxd5 exd5 6. Bf4 Nf6 {D07: Queen's Gambit: Chigorin Defence} 7. e3 Bb4 {LiveBook: 8 Games} 8. Be2 O-O {White is slightly better.} 9. O-O Bxc3 10. bxc3 Ne4 $146 ({Predecessor:} 10... Na5 11. Nd2 Bxe2 12. Qxe2 c6 13. c4 Nxc4 14. Nxc4 dxc4 15. Qxc4 {0-1 (57) Volkov,S (2619)-Golovin,L (2448) Voronezh 2010}) 11. Qc2 Re8 12. h3 Bh5 13. Qb2 Na5 14. Qb4 c6 15. Rfd1 (15. g4 $5 {[%cal Rg4h5]} Bg6 16. Ne5 $11) 15... Qb6 (15... h6 $11) 16. Rac1 (16. g4 $5 {[%cal Rg4h5]} Bg6 17. Rac1 $14) 16... Bxf3 17. gxf3 Nf6 18. Rb1 Qd8 19. Bg5 b6 20. Kh2 h6 21. Bf4 Re6 (21... Nh5 $5 {[%cal Rh5f4]} 22. Qd6 Qh4 $11) 22. Rg1 $36 {[%mdl 2048] Black is under pressure.} Nh5 23. Be5 f6 $1 {[%cal Rf6e5]} 24. Bg3 Nxg3 25. Rxg3 Qc7 (25... Re7 $11) 26. Rbg1 $16 Kh8 {[#]} (26... f5 $16) 27. Qb1 $1 $18 Re7 $2 {[#]} (27... g5 $16 {is tougher.}) 28. Qg6 $1 {Strongly threatening Bd3.} Rf8 29. Bd3 {[%csl Gd3][%cal Rg6h7]} f5 30. Bxf5 Rxf5 31. Qxf5 Rf7 32. Qh5 Nc4 33. Kh1 Rf6 34. Qe8+ Kh7 35. Rg6 Qf7 36. Rxg7+ Qxg7 37. Rxg7+ Kxg7 {[%mdl 4096] Endgame KQ-KRN} 38. Qd7+ Kg6 39. e4 dxe4 40. fxe4 Nd2 41. Qg4+ Kh7 42. Qe2 Nf3 43. e5 {[%cal Be4e5,Be5e6,Be6e7][%mdl 32]} Rf8 44. e6 Ng5 45. h4 Nf3 46. e7 Rg8 47. Qxf3 {Precision: White = 59%, Black = 29%.} 1-0

[Event "Teplice Open 2017"]
[Site "Teplice"]
[Date "2017.06.10"]
[Round "1"]
[White "Butkiewicz, Lukasz"]
[Black "Nemcova, Karin"]
[Result "1/2-1/2"]
[WhiteElo "2460"]
[BlackElo "1996"]
[Annotator "TA"]
[PlyCount "134"]
[EventDate "2017.??.??"]
[EventCountry "CZE"]
[SourceTitle "playchess.com"]
[Source "ChessBase"]
[SourceQuality "1"]

{[%evp 11,134,41,56,26,27,27,32,27,26,33,32,30,33,36,38,24,32,4,15,5,6,0,-7,-8,0,-101,0,0,0,0,0,0,0,0,22,11,15,8,20,5,9,0,0,-27,0,0,0,0,12,0,0,0,0,0,0,-8,92,0,0,0,0,-75,0,0,0,0,0,0,0,0,0,-383,-397,-396,-387,-633,-651,-1449,-676,-923,-888,-833,-820,-778,-738,-876,-909,-900,-863,-918,-904,-1758,-1591,-1679,-1595,-12836,-12836,-12840,-12837,-12837,-12836,-12837,-12838,-12839,-12838,-12838,-12835,-12837,-12837,-12843,-12843,-12844,-12844,-12845,-12845,-12846,-12846,-12846,0,0,0,0,0,0,0]} 1. e4 d5 2. exd5 Qxd5 3. Nc3 Qd6 4. d4 {[%cal Bd2d4,Bd4d5][%mdl 32]} Nf6 5. Nf3 a6 6. g3 Bg4 7. Bg2 {B01: Scandinavian Defence} (7. h3 $5 {[%cal Rh3g4]} Bxf3 8. Qxf3 $14) 7... Nc6 (7... c6 8. O-O e6 9. h3 Bxf3 10. Bxf3 Be7 11. b3 O-O 12. Bb2 Nbd7 13. Ne2 Rad8 14. Re1 Rfe8 {0-1 (64) Hou,Y (2663)-Megaranto,S (2535) Almaty 2016}) 8. O-O O-O-O {[%cal Rc6d4]} 9. d5 {White is slightly better.} Ne5 {[%cal Rf6d5]} 10. Bf4 Bxf3 11. Bxf3 Nxf3+ 12. Qxf3 e5 13. dxe6 Qxe6 14. Rfe1 Qf5 $1 15. Re5 $146 Qg4 16. Qg2 h6 17. h3 Qg6 18. Nd5 {[#]} (18. Re2 $11) 18... Nxd5 (18... Bd6 $1 $17 {And now ...Kb8 would win.} 19. Ne7+ Bxe7 20. Rxe7 Nd5) 19. Rxd5 $11 Bd6 20. Bxd6 Rxd6 21. Rxd6 Qxd6 {[%mdl 4096] Endgame KQR-KQR} 22. Qf3 Qg6 23. Re1 Rd8 24. c3 Kb8 25. Qf4 Rd7 26. a4 Qc6 27. Kh2 g5 28. Re8+ Ka7 29. Qe3+ Qb6 30. Qe2 Rd6 31. b4 Rf6 32. Re3 a5 33. b5 h5 (33... Re6 $11 {keeps the balance.}) 34. Kg1 (34. Kg2 $16) 34... h4 35. g4 Qc5 36. Qe1 {[#]} (36. c4 $11 {remains equal.}) 36... Qc4 (36... Rf4 $1 $17 {[%cal Rf4a4]} 37. Re5 Qc4) 37. Re4 Qd3 38. c4 {Strongly threatening Re3.} b6 39. Re7 Qd6 40. Qe3 Rf4 41. Re8 $2 {[%mdl 8192]} (41. Re4 $1 $11 {and White stays safe.}) 41... Qd1+ $19 42. Qe1 Qxa4 43. Rc8 $2 (43. c5 bxc5 44. Re5) 43... Rxc4 44. Qe5 {[#]} Rxg4+ $1 {[%mdl 512]} 45. Kh2 {[%cal Re5c7]} (45. hxg4 Qxg4+) 45... Qf4+ 46. Qxf4 Rxf4 47. Rxc7+ {KR-KR} Kb8 48. Rc6 Kb7 49. Kg2 Rf5 50. Kf1 Rxb5 51. Rf6 Re5 52. Rxf7+ Kc6 53. f4 gxf4 54. Rxf4 Rh5 55. Ke2 Kc5 56. Kd3 b5 57. Kc2 b4 58. Rf8 a4 {[%cal Ba5a4,Ba4a3,Ba3a2][%mdl 32]} 59. Rc8+ Kb5 60. Rg8 Rc5+ 61. Kb2 a3+ 62. Ka2 Rc2+ 63. Kb1 a2+ 64. Ka1 b3 $2 (64... Rc1+ $19 65. Kxa2 Rc2+ 66. Kb3 Rc3+ 67. Kb2 Rxh3) 65. Rb8+ $1 $11 {The position is equal.} Kc4 (65... Ka4 $5 {[%cal Rc2c1]} 66. Rb4+ Ka3 67. Ra4+ Kxa4 $11) 66. Rb4+ Kd3 {( -> ...Rc1+)} 67. Rxb3+ Rc3 {Precision: White = 46%, Black = 67%.} 1/2-1/2

[Event "Teplice Open 2017"]
[Site "Teplice"]
[Date "2017.06.10"]
[Round "1"]
[White "Zanan, Evgeny"]
[Black "Egli, Urs"]
[Result "1-0"]
[WhiteElo "2442"]
[BlackElo "1973"]
[Annotator "TA"]
[PlyCount "45"]
[EventDate "2017.??.??"]
[EventCountry "CZE"]
[SourceTitle "playchess.com"]
[Source "ChessBase"]
[SourceQuality "1"]

{[%evp 9,45,-2,-4,0,47,4,36,-14,0,-58,0,0,0,-15,-7,-25,41,25,84,43,35,41,44,35,31,27,80,48,228,219,635,638,635,627,29991,-63,29992,29993]} 1. d4 d6 2. Nf3 Nf6 3. Bf4 c5 4. e3 (4. c3 Qb6 5. Qb3 Qxb3 6. axb3 cxd4 7. Nxd4 a6 8. Nb5 Kd8 9. Nd2 Nbd7 10. e4 h6 11. f3 e5 {½-½ (54) Kamsky,G (2714)-Morozevich,A (2755) Moscow 2007}) 4... Nh5 5. Bg3 $146 ({Predecessor:} 5. Bg5 h6 6. Bh4 g5 7. Bg3 Bg7 8. c3 Qb6 9. Qd2 Bf5 10. Be2 Bg6 11. O-O Nd7 {0-1 (68) Kelly,J (1847)-Yagiz,B (1908) Stillwater 2012}) 5... Nxg3 6. hxg3 {A46: 1 d4 Nf6 2 Nf3 e6: Torre, London and Colle Systems} g6 7. c3 Bg7 8. Bc4 {White is slightly better.} d5 9. Bb3 (9. Bb5+ $11 Bd7 10. Bxd7+ Nxd7 11. Nbd2) 9... cxd4 (9... O-O $15) 10. exd4 $11 Nc6 11. Nbd2 O-O 12. Qe2 e5 (12... Rb8 $11) 13. dxe5 $14 d4 (13... Bg4 $11) 14. O-O dxc3 15. bxc3 Re8 {[%cal Rc6e5]} 16. Nc4 {Strongly threatening Rfd1.} Bg4 17. Rad1 $36 {[%mdl 2048] White is pushing.} Qe7 (17... Qc7 $1 $11 {keeps the balance.}) 18. Rfe1 (18. Qe4 {is interesting.} Nxe5 19. Ncxe5 Bxf3 20. gxf3 Bxe5 21. Ba4) 18... Nxe5 $2 (18... Qc7 $14) 19. Ncxe5 $18 Bxf3 $2 (19... Bxe5 20. Ba4 (20. Qxe5 Qxe5 21. Nxe5 Bxd1 $16) 20... Bf6 21. Bxe8 Rxe8) 20. Qxf3 {[%cal Rb3f7]} Bxe5 {[#]} 21. Rxe5 $1 {[%mdl 512]} Qxe5 22. Qxf7+ Kh8 23. Rd7 {Precision: White = 58%, Black = 31%.} 1-0

[Event "Teplice Open 2017"]
[Site "Teplice"]
[Date "2017.06.10"]
[Round "1"]
[White "Tsifanskaya, Ludmila A"]
[Black "Nabaty, Tamir"]
[Result "0-1"]
[WhiteElo "2070"]
[BlackElo "2644"]
[Annotator "TA"]
[PlyCount "78"]
[EventDate "2017.??.??"]
[EventCountry "CZE"]
[SourceTitle "playchess.com"]
[Source "ChessBase"]
[SourceQuality "1"]

{[%evp 15,78,7,33,-23,-12,-8,36,45,47,40,37,41,49,-49,-50,-42,0,-3,-27,-15,10,10,16,4,4,0,24,0,4,-27,-26,-81,-77,-88,-88,-88,-88,-121,-122,-121,-115,-160,-166,-214,-202,-234,-233,-242,-251,-243,-238,-254,-237,-276,-283,-277,-261,-279,-282,-290,-285,-343,-368,-357,-357]} 1. e4 e6 2. d3 c5 3. Nf3 Nc6 4. g3 d5 5. Nbd2 Bd6 6. Bg2 Nge7 7. O-O O-O 8. Re1 Bc7 9. Nb3 {A08: King's Indian Attack} ({White should try} 9. exd5 $14 Nxd5 10. Nb3) (9. c3 b6 10. a3 a5 11. a4 Ba6 12. Qc2 Ng6 13. exd5 exd5 14. Nb3 Nce5 15. Nxe5 Nxe5 16. Rd1 Rc8 17. d4 Nd3 18. Rxd3 Bxd3 19. Qxd3 {1-0 (28) Ivanchuk,V (2747)-Korobov,A (2692) Doha 2016}) 9... b6 10. c3 Ng6 $146 ({Predecessor:} 10... Ba6 11. exd5 Nxd5 12. d4 cxd4 13. Nbxd4 Nxd4 14. Nxd4 Qd7 15. Qg4 Kh8 16. Bg5 Bd8 {½-½ (51) Gocheva,R (2135)-Lubbe,M (2352) Porto Rio 2014}) 11. d4 {White is slightly better.} dxe4 12. Ng5 h6 13. Nxe4 cxd4 14. Nf6+ (14. Qh5 $14) 14... Qxf6 $15 15. Bxc6 Ba6 16. Qf3 Qxf3 17. Bxf3 Rac8 {[#] Threatens to win with ...dxc3.} 18. Nxd4 Ne5 19. Bg2 Rfd8 20. a4 Bd6 21. Nb5 (21. a5 $5 {[%cal Ra5b6]} b5 22. Bf1 $11) 21... Nd3 22. Re2 Bc5 $36 {[%mdl 2048] Black has good play.} 23. Be3 (23. Bf3 $11) 23... Bxe3 $17 24. Rxe3 Nxb2 25. Nxa7 Rc5 26. Nc6 Rd1+ 27. Rxd1 Nxd1 28. Re1 Nxc3 29. Bf3 Nxa4 30. Nb4 Bb5 31. Kg2 Kf8 32. Ra1 Ke7 33. Bd1 Rc4 34. Bxa4 Rxb4 35. Bxb5 Rxb5 $19 {KR-KR} 36. Ra7+ Kf6 37. Rb7 g5 38. h4 gxh4 39. gxh4 Rb1 {Precision: White = 25%, Black = 67%.} 0-1